Ateyaba et ses feat - Statistiques

Statistiques générales
  • Ce quiz a été pris 62 fois
  • Le résultat moyen est 9 sur 19
Statistiques - réponses
Titre(s) Rappeur % Correct
FINISH HIM Zola
89%
Le coup du patron / Miley Dosseh
80%
Le coup du patron Gradur
69%
Ghana Young Nudy
64%
Cross / 501 lunettes Cartier Lino
62%
French Riviera Jhené Aiko
58%
Black Card Pusha T
58%
Scorpion Remix Niro
47%
Oyé Sapapaya Titan
47%
Anubis / Kick's Bip's
44%
Scorpion Remix Mac Tyer
44%
Solitaires SahBabii
44%
Sphinx Rim'K
42%
Ganja 13 Block
36%
Sphinx Seth Gueko
36%
Journée Ayomari
22%
Skur VEERUS
16%
On my Mind - Remix HIM$
11%
No Lo<3 Skreally Boy
9%
Aucun quiz correspondant
Distribution des résultats
% des personnes avec chaque résultat
Percentile par nombre de réponses
Votre historique - résultats
Vous n’avez pas pris ce quiz